01616nam a2200313 a 4500001001000000003000900010005001700019007000300036008004100039040002500080082002100105245007000126260007600196300002000272490002100292590002600313600003900339651005300378700004400431710007200475830002700547910001100574942001400585952020900599952015000808952020800958952011901166999001701285000049088DO-SdBNP20220113143717.0ta190718s2002 dr 000 0 spa d aDO-SdBNPbspacBNPHU a907.2bA516p22203aEl profesor Erwin Walter Palm historiador de nuestros monumentos  aSanto Domingo, Repúbli:bSociedad Dominicana de Bibliófilos,c2002. a24 p. ;c22 cm.1 a Conferencia v3 aInventariado, 2019/VM10aWalter Palm, Erwin ,d1938-97748614aRepública Dominicana xHistoriografía 91457 aAmiama de Castro, Octaviod1936-977485 aSociedad Dominicana de Bibliófilo (República Dominicana)977483 0aConferencia n3977484 aVMateo 2ddccLBS1 00102ddc718PDaBNPHUbPDcHDd2019-07-18eDonado / Raquel Martínez i l0oBNPHU PD 907.2 A516pp49089-10r2020-06-25w2020-06-25yLFPDzPerteneció a la bibliogeca personal de la Flia. Reyes Duluc 00102ddc728PDaBNPHUbPDcHDd2019-07-18eDonado / Raquel Martínez i l0oBNPHU PD 907.2 A516pp49090-10r2020-06-25te.2w2020-06-25yLFPD 00102ddc758DSaBNPHUbDOcCTd2019-07-18eDonado / Reyes Duluci l0oBNPHU PD 907.2 A516pp2020-0608r2020-12-02te.3w2020-06-25yLFDSzPerteneció a la bibliogeca personal de la Flia. Reyes Duluc 00102ddc758DSaBNPHUbDOcHDd2021-07-08l0oBNPHU DS 907.2 A516pp2021-2471r2021-07-08te.4w2021-07-08yLFDS c48576d48576